[Event "40th TCh-GRE 2012"]
[Site "Achaea GRE"]
[Date "2012.07.05"]
[Round "7.16"]
[White "Kakkanas,E"]
[Black "Kolomvas,Ioannis"]
[Result "1/2-1/2"]
[WhiteElo "1981"]
[BlackElo "2082"]

1.d4 Nf6 2.c4 e6 3.g3 c5 4.Nf3 cxd4 5.Nxd4 Qa5+ 6.Bd2 Qb6 7.e3 Nc6 8.Nb3 Ne5
9.Be2 Nxc4 10.Bxc4 Qc6 11.O-O Qxc4 12.Nc3 Be7 13.Rc1 b6 14.Nd4 O-O 15.b3 Qd3
16.f3 Ba6 17.Re1 Rac8 18.Qe2 Qxd4 19.exd4 Bxe2 20.Rxe2 Ba3 21.Rd1 Bb2 22.Re3 Bxc3
23.Rxc3 Nd5 24.Rcc1 Rc6 25.Rxc6 dxc6 26.Kf2 Rc8 27.Rc1 Kf8 28.a3 Ke7 29.Ke2 Kd7
30.Kd3 Nc7 31.Bf4 Nd5 32.Bd2 Ne7 33.Be3 Kd6 34.Bf2 Kd5 35.Rc2 g5 36.Be3 f6
37.Rg2 Rg8 38.Rg1 Nf5 39.Bf2 h5 40.Rg2 Rg7 41.Rg1 Nd6 42.Be3 Nb7 43.Rf1 Nd6
44.Rg1 Nf5 45.Bf2 g4 46.f4 Rh7 47.Rg2 a5 48.Rg1 Nd6 49.a4 Ne4 50.Be1 Rb7
51.Rg2 b5 52.axb5 Rxb5 53.Rb2 c5 54.dxc5 Nxc5+ 55.Kc3 Ne4+ 56.Kd3 Nc5+ 57.Kc3 e5
58.fxe5 fxe5 59.Rd2+ Kc6 60.Rb2 Rb7 61.Kc4 Rb5 62.Bc3 Ne4 63.Kd3 Nxc3 64.Kxc3 Kd5
65.Re2 Rc5+ 66.Kd3 Rb5 67.Kc3 Rc5+ 68.Kd3 Rc1 69.Ra2 Rc5 70.Re2 Rc7 71.Ra2 Rc5
72.Re2 Rc6 73.Ra2 Ra6  1/2-1/2

[Event "NIKI Open 2012"]
[Site "Nachod CZE"]
[Date "2012.07.06"]
[Round "7.7"]
[White "Jirka,J"]
[Black "Kozusek,Daniel"]
[Result "1-0"]
[WhiteElo "2408"]
[BlackElo "1889"]

1.d4 Nf6 2.c4 e6 3.g3 c5 4.d5 exd5 5.cxd5 b5 6.f3 c4 7.a4 Qa5+ 8.Kf2 Na6
9.e4 Nc5 10.Kg2 Nb3 11.Ra2 Nxc1 12.Qxc1 Ba6 13.Ne2 Bc5 14.Na3 Bxa3 15.axb5 Bxb2
16.Qxb2 Qxb5 17.Qxb5 Bxb5 18.Nd4 Rb8 19.Rxa7 d6 20.Nxb5  1-0

[Event "Int Open ch-SVK 2012"]
[Site "Banska Stiavnica SVK"]
[Date "2012.07.08"]
[Round "2.11"]
[White "Dolnak,Michal"]
[Black "Likavsky,T"]
[Result "0-1"]
[WhiteElo "2170"]
[BlackElo "2438"]

1.d4 Nf6 2.c4 e6 3.g3 c5 4.Nf3 cxd4 5.Nxd4 Qa5+ 6.Nd2 Qb6 7.N2f3 Bb4+ 8.Bd2 Bc5
9.e3 Ne4 10.Nb3 Nxd2 11.Nfxd2 Be7 12.Bg2 d6 13.O-O O-O 14.Rc1 Nd7 15.Qc2 Nc5
16.Rfd1 Rd8 17.Ne4 Bd7 18.Nbxc5 dxc5 19.Nc3 a6 20.b3 Qc7 21.a4 Rab8 22.Rd2 Be8
23.Rcd1 Rxd2 24.Rxd2 Qa5 25.Rd1 g6 26.Bf3 f5 27.Rd3 Qc7 28.h4 b6 29.Qd1 Rd8
30.Rxd8 Bxd8 31.Qd3 Bf6 32.Ne2 Kf7 33.e4 Qd7 34.Qc2 Ke7 35.exf5 gxf5 36.Nf4 Qd4
37.Qe2 Be5 38.Nd3 Bxg3 39.Kg2 Bxh4 40.Ne5 Kd6  0-1

[Event "St. Pauli Open 2012"]
[Site "Hamburg GER"]
[Date "2012.07.10"]
[Round "4.19"]
[White "Sechting,M"]
[Black "Korba,R"]
[Result "0-1"]
[WhiteElo "2058"]
[BlackElo "2189"]

1.d4 Nf6 2.c4 e6 3.g3 c5 4.d5 exd5 5.cxd5 d6 6.Nc3 g6 7.Bg2 Bg7 8.e4 O-O
9.Nge2 Re8 10.O-O b5 11.Nxb5 Nxe4 12.Re1 a6 13.Nec3 Nxc3 14.Nxc3 Nd7 15.Ne4 Ne5
16.Bg5 f6 17.Bd2 Bg4 18.f3 Bf5 19.Bc3 Qb6 20.Nf2 Nc4 21.Ne4 Bxe4 22.fxe4 Nxb2
23.Qb1 Rab8 24.Rf1 c4+ 25.Kh1 Nd3 26.Qxb6 Rxb6 27.Bd4 Rb4 28.Bxf6 c3 29.a3 Rb3
30.Bxg7 Kxg7 31.Ra2 Rb2 32.Rxb2 cxb2 33.e5 Rxe5 34.Rb1 Re1+ 35.Rxe1 Nxe1
36.Be4 Nf3  0-1

[Event "ch-MNE 2012"]
[Site "Cetinje MNE"]
[Date "2012.07.12"]
[Round "6.2"]
[White "Blagojevic,Dr"]
[Black "Draskovic,L"]
[Result "1/2-1/2"]
[WhiteElo "2510"]
[BlackElo "2232"]

1.d4 Nf6 2.c4 e6 3.g3 c5 4.d5 exd5 5.cxd5 b5 6.Bg2 d6 7.e4 Nbd7 8.Nf3 g6
9.O-O Bg7 10.Bf4 Qb6 11.Nbd2 O-O 12.a4 Ba6 13.axb5 Bxb5 14.Re1 Rfe8 15.Qc2 Ng4
16.h3 Nge5 17.Nxe5 Nxe5 18.Bf1 a6 19.Be3 Qb7 20.f4 Nd7 21.Bg2 Rec8 22.Nc4 Bxc4
23.Qxc4 Qb4  1/2-1/2

[Event "112th ch-SUI 2012"]
[Site "Flims SUI"]
[Date "2012.07.12"]
[Round "1.3"]
[White "Pelletier,Y"]
[Black "Klauser,M"]
[Result "0-1"]
[WhiteElo "2599"]
[BlackElo "2370"]

1.d4 Nf6 2.c4 e6 3.g3 c5 4.d5 exd5 5.cxd5 d6 6.Nf3 g6 7.Nc3 Bg7 8.Bg2 O-O
9.O-O a6 10.a4 Re8 11.Bf4 Nh5 12.Bg5 Qc7 13.Qd2 Nd7 14.Rfc1 Rb8 15.Bh6 Bh8
16.g4 Nhf6 17.h3 b5 18.axb5 axb5 19.Ng5 b4 20.Nd1 Nb6 21.e4 Bg7 22.Bxg7 Kxg7
23.Qxb4 h6 24.Qc3 hxg5 25.h4 gxh4 26.g5 Qe7 27.f4 Nd7 28.Ra7 Kg8 29.gxf6 Qxf6
30.Qd2 Rb4 31.Nc3 Nb6 32.e5 dxe5 33.Ne4 Rxe4 34.Bxe4 exf4 35.Re1 Nc4 36.Qf2 Ne5
37.Kh1 Ng4 38.Qd2 f3 39.Bd3  0-1

[Event "34th Oberwart Open A"]
[Site "Oberwart AUT"]
[Date "2012.07.13"]
[Round "7.22"]
[White "Pallitsch,C"]
[Black "Neumeier,K"]
[Result "0-1"]
[WhiteElo "2109"]
[BlackElo "2248"]

1.d4 Nf6 2.c4 e6 3.g3 c5 4.d5 exd5 5.cxd5 b5 6.Bg2 d6 7.e4 Nbd7 8.Nh3 g6
9.O-O Bg7 10.f4 O-O 11.Nd2 Re8 12.Re1 Rb8 13.Nf2 c4 14.Nf3 Nc5 15.e5 Ng4
16.Ne4 Nxe4 17.Rxe4 Bf5 18.Nd4 Bxe4 19.Bxe4 dxe5 20.Nc6 Qb6+ 21.Kg2 Qf2+
22.Kh3 Qxh2+  0-1

[Event "III Maravilhosa Open 2012"]
[Site "Laranjeiras BRA"]
[Date "2012.07.15"]
[Round "5.13"]
[White "Santos Junior,Ailton Antonio"]
[Black "Caporale,G"]
[Result "1-0"]
[WhiteElo "2017"]
[BlackElo "1798"]

1.d4 Nf6 2.g3 e6 3.c4 c5 4.Nf3 b6 5.Bg2 Bb7 6.dxc5 Bxc5 7.O-O O-O 8.Nc3 d5
9.cxd5 Nxd5 10.Nxd5 Qxd5 11.Bf4 Na6 12.Nh4 Qxd1 13.Rfxd1 Bxg2 14.Kxg2 f6
15.Bd6 Rfd8 16.Bxc5 Nxc5 17.Nf3 e5 18.Ne1 Kf7 19.Nc2 Ke6 20.Nb4 a5 21.Nc2 f5
22.Na3 Na4 23.Nc4 Ke7 24.b3 Nc5  1-0

[Event "ch-SUI Hauptturnier 1 2012"]
[Site "Flims SUI"]
[Date "2012.07.16"]
[Round "5"]
[White "Raetsky,A"]
[Black "Lienhard,A"]
[Result "1-0"]
[WhiteElo "2449"]
[BlackElo "2099"]

1.d4 Nf6 2.c4 e6 3.g3 c5 4.d5 exd5 5.cxd5 b5 6.Bg2 d6 7.b4 Na6 8.bxc5 Nxc5
9.Nf3 Be7 10.Nd4 Bd7 11.O-O O-O 12.Nd2 Rc8 13.N2b3 Na4 14.Nc6 Bxc6 15.dxc6 d5
16.Nd4 Qb6 17.Qd3 Bc5 18.Nxb5 Rxc6 19.Rb1 Rfc8 20.Nd4 Qxb1 21.Qxb1 Bxd4 22.e3 Bb6
23.Bd2 R8c7 24.h3 Rc2 25.Qb3 R7c4 26.Bb4 Rb2 27.Qxa4 Rbxb4 28.Qa6 g6 29.Qb7 d4
30.Qe7 Kg7 31.e4 d3 32.e5 Ng8 33.Qe8 Rc7 34.e6 Nf6 35.exf7 Rxf7 36.Qe5 Bd4
37.Qd6 a5 38.a3 Rd7 39.Qc6 Rb6 40.Qc8 Be5 41.Qc5 Re6 42.Qxa5 Bd4 43.Bf3 Re5
44.Qa4 Ba7 45.Rd1 d2 46.Kg2 Re1 47.Rxd2 Rxd2 48.Qxa7+ Rd7 49.Qc5 Rde7 50.a4 R1e5
51.Qc3 Rf5 52.g4 Rfe5 53.h4 g5 54.h5 Ne8 55.a5 Nc7 56.Bb7 Nb5 57.Qb2 Kh6
58.a6 R7e6 59.Bc6 Na7 60.Bd7 Re7 61.Qd4 Kg7 62.Qd6 Re4 63.Bf5 Nb5 64.h6+  1-0

[Event "6th Varna Open"]
[Site "Varna BUL"]
[Date "2012.07.16"]
[Round "5.3"]
[White "Janev,T"]
[Black "Delchev,A"]
[Result "1/2-1/2"]
[WhiteElo "2397"]
[BlackElo "2598"]

1.d4 Nf6 2.c4 e6 3.g3 c5 4.Nf3 cxd4 5.Nxd4 d5 6.Bg2 e5 7.Nf3 d4 8.O-O Nc6
9.e3 Be7 10.exd4 exd4 11.b4 O-O 12.b5 Na5 13.Qxd4 Qxd4 14.Nxd4 Rd8 15.Nb3 Nxc4
16.Nc3 Bb4 17.Bg5 Bxc3 18.Rac1 Nd2 19.Bxd2 Bxd2 20.Rfd1 Be6 21.Rxd2 Rxd2
22.Nxd2 Rd8 23.Nf1 Rc8 24.Rd1 b6 25.Bb7 Rb8 26.Bc6 Kf8 27.Rd4 Rc8 28.Ne3 Ke7
29.Kg2 h5 30.a3 g6 31.h4 Rc7 32.Kf3 a6 33.a4 axb5 34.axb5 Ra7 35.Kf4 Ra2
36.f3 Ra3  1/2-1/2

[Event "23rd Czech Open Rapid"]
[Site "Pardubice CZE"]
[Date "2012.07.19"]
[Round "4.7"]
[White "Akesson,R"]
[Black "Andreev,Ed UKR"]
[Result "1/2-1/2"]
[WhiteElo "2448"]
[BlackElo "2498"]

1.d4 Nf6 2.c4 e6 3.g3 c5 4.d5 exd5 5.cxd5 d6 6.Nc3 g6 7.Bg2 Bg7 8.Nf3 O-O
9.O-O Re8 10.Bf4 a6 11.a4 h6 12.h3 Ne4 13.Qc1 g5 14.Be3 Nxc3 15.bxc3 Nd7
16.h4 g4 17.Nd2 f5 18.Nc4 Qf6 19.Rb1 b5 20.Na5 Qxc3 21.Bxh6 Qxc1 22.Bxc1 Rxe2
23.Bf4 Ne5 24.axb5 axb5 25.Rxb5 Ba6 26.Rb6 Ra2 27.Nc6 Bxf1 28.Bxf1 Kh7 29.Ne7 Ra1
30.Nxf5 Nf3+ 31.Kg2 Rxf1 32.Kxf1 Ra1+ 33.Ke2 c4 34.Bd2 Ra2 35.Rb7 Kg6 36.Nxg7 c3
37.h5+ Kf6 38.h6 Ng1+ 39.Ke3 cxd2 40.Rb1 Nf3 41.Ne8+ Kg6 42.Nxd6 Kxh6 43.Ne4 Ra4
44.Nxd2 Nxd2 45.Kxd2 Rd4+ 46.Ke3 Rxd5 47.Kf4 Rd2 48.Rf1 Kh5 49.Kf5 Rd5+ 50.Ke4 Rd2
51.Ke3 Ra2 52.Rd1 Kg5 53.Rd5+ Kg6 54.Rd2 Ra3+ 55.Ke4 Ra4+  1/2-1/2

[Event "ch-PHI Grand Final 2012"]
[Site "Boracay PHI"]
[Date "2012.07.22"]
[Round "11.5"]
[White "Gomez,Joh"]
[Black "Antonio,R"]
[Result "1/2-1/2"]
[WhiteElo "2539"]
[BlackElo "2548"]

1.d4 Nf6 2.c4 e6 3.g3 c5 4.Nf3 cxd4 5.Nxd4 Qb6 6.Nb3 Qc6 7.f3 d5 8.cxd5 Nxd5
9.e4 Bb4+ 10.Ke2 Qa6+ 11.Qd3 Qxd3+ 12.Kxd3 Nf6 13.Bd2 Be7 14.Na3 O-O 15.Rc1 Nc6
16.Kc2 b6 17.Kb1 Bb7 18.Be2 Rac8 19.Rhd1 Rfd8 20.Be1 Rxd1 21.Rxd1 Rd8 22.Rxd8+ Bxd8
23.Nc2 Be7 24.Nbd4 Nxd4 25.Nxd4 Nd7 26.Bc3 a6 27.Kc2 Kf8 28.b3 Bd6 29.Kd2 Nb8
30.Bb2 Ke7  1/2-1/2

[Event "23rd Czech Open A"]
[Site "Pardubice CZE"]
[Date "2012.07.22"]
[Round "3.103"]
[White "Sabuk,P"]
[Black "Porat,Ma"]
[Result "1-0"]
[WhiteElo "2170"]
[BlackElo "2295"]

1.d4 Nf6 2.c4 e6 3.g3 c5 4.d5 exd5 5.cxd5 d6 6.Nc3 g6 7.Bg2 Bg7 8.Nf3 O-O
9.O-O a6 10.a4 Re8 11.Nd2 Nbd7 12.h3 Rb8 13.Nc4 Nb6 14.Na3 Bd7 15.Bd2 Nc8
16.Rb1 b5 17.b4 c4 18.e4 Nh5 19.Rc1 Bd4 20.Kh2 Ng7 21.Nc2 Ba7 22.a5 f5 23.Be3 Bxe3
24.Nxe3 Qf6 25.f4 h5 26.Qd2 Na7 27.Rce1 Re7 28.exf5 gxf5 29.h4 Ne8 30.Nc2 Rg7
31.Bf3 Qg6 32.Rg1 Nf6 33.Nd4 Ng4+ 34.Kh1 Re8 35.Rxe8+ Qxe8 36.Ne6 Re7 37.Ne2 Nc6
38.dxc6 Bxe6 39.Qxd6 Bf7 40.Re1 Nf2+ 41.Kh2 Nd3 42.Rg1 Re6 43.Qd4 Qe7 44.Qb6 Rxe2+
45.Bxe2 Bd5 46.Bxh5 Qf6 47.c7 Qf8 48.Rg2 Nxb4 49.Qg6+ Kh8 50.Re2 Be4 51.Qe8 Qxe8
52.Bxe8 Bb7 53.Bd7 c3 54.Bxf5 Kg7 55.Re8 Nd5 56.Rb8  1-0

[Event "23rd Czech Open A"]
[Site "Pardubice CZE"]
[Date "2012.07.24"]
[Round "5.81"]
[White "Kobo,Ori"]
[Black "Akesson,R"]
[Result "1/2-1/2"]
[WhiteElo "2226"]
[BlackElo "2448"]

1.d4 Nf6 2.c4 e6 3.g3 c5 4.d5 exd5 5.cxd5 d6 6.Nc3 g6 7.Bg2 Bg7 8.Nf3 O-O
9.O-O Re8 10.Bf4 a6 11.a4 h6 12.h3 Qc7 13.g4 h5 14.g5 Ne4 15.Nxe4 Rxe4 16.e3 Bxb2
17.Rb1 Bg7 18.Nd2 Rxf4 19.exf4 Bf5 20.Re1 Nd7 21.Ne4 Rb8 22.Bf1 Re8 23.Qf3 Qa5
24.Bd3 Bd4 25.Re2 Bxe4 26.Bxe4 Rb8 27.Bc2 b5 28.Re7 Nf8 29.f5 Qd2 30.Re2 Qxg5+
31.Kh1 Qf6 32.Rg1 Kh8 33.Qf4 Nh7 34.Qh6 g5 35.Qxh5 c4 36.h4 gxh4 37.Rg4 Rg8
38.Rxg8+ Kxg8 39.Re8+ Kg7 40.Re4 Bxf2 41.Kg2 Bg3 42.Rg4+ Kh8 43.Re4  1/2-1/2

[Event "23rd Czech Open A"]
[Site "Pardubice CZE"]
[Date "2012.07.26"]
[Round "7.62"]
[White "Biolek,R1"]
[Black "Feldtmann,T"]
[Result "1-0"]
[WhiteElo "2404"]
[BlackElo "2257"]

1.d4 Nf6 2.c4 e6 3.g3 c5 4.d5 exd5 5.cxd5 d6 6.Nc3 g6 7.Bg2 Bg7 8.Nf3 O-O
9.O-O a6 10.a4 Nbd7 11.Nd2 Re8 12.h3 Rb8 13.Nc4 Nb6 14.Na3 Bd7 15.e4 Qc7
16.Re1 Nc8 17.Qd3 Nb6 18.Qd1 Nc8 19.Qd3 Nb6 20.a5 Na4 21.Nxa4 Bxa4 22.Bd2 Nd7
23.Bc3 Bxc3 24.Qxc3 b5 25.axb6 Rxb6 26.Nc4 Rb4 27.f4 Bb5 28.b3 Qb8 29.Na5 Qc7
30.Re3 Nb6 31.Kh2 Rd4 32.Rae1 Rf8 33.h4 h5 34.Kh1 Qd7 35.Kh2 Rd8 36.Bh3 Qc7
37.Bg2 Rf8 38.Rc1 Qd7 39.Bh3 Qc7 40.Bg2 Qd7 41.Nc6 Rc8 42.Bh3 f5 43.Qe1 Re8
44.Bg2 Bxc6 45.dxc6 Qe6 46.e5 Nd5 47.Re2 Nb4 48.c7 d5 49.Rxc5 Nd3 50.Qc3 Nxc5
51.Qxd4 Ne4 52.Rc2 Rc8 53.Bf1 Kh7 54.Qa7 d4 55.Qxd4 Qxb3 56.Qd7+ Kh6 57.Bd3 Qb7
58.Qxc8 Qxc8 59.Bxa6 Qxa6 60.c8=Q Qxc8 61.Rxc8 Kg7 62.Rc7+  1-0

[Event "TCh-CRC Premier 2012"]
[Site "San Jose CRC"]
[Date "2012.07.26"]
[Round "5.4"]
[White "Gonzalez,Be CRC"]
[Black "Ruiz Blais,S"]
[Result "1-0"]
[WhiteElo "2413"]
[BlackElo "2195"]

1.d4 Nf6 2.c4 e6 3.g3 c5 4.Nf3 cxd4 5.Nxd4 Bb4+ 6.Bd2 Bc5 7.Nb3 Be7 8.Bg2 Nc6
9.Nc3 b6 10.Bf4 O-O 11.O-O Ba6 12.Nb5 d5 13.Nc7 Bxc4 14.Nxa8 Qxa8 15.Rc1 Rc8
16.Re1 a5 17.e4 a4 18.exd5 Bxd5 19.Bxd5 Nxd5 20.Nd4 Nxf4 21.Nxc6 Rxc6 22.Rxc6 Qxc6
23.gxf4 Bf6 24.f5 e5 25.Rxe5 h6 26.Re2 Qc4 27.Re8+ Kh7 28.b3 axb3 29.axb3 Qf4
30.Qd3 Bd4 31.Re2 Be5 32.Qh3 Qg5+ 33.Kf1 Bf4 34.Re4 Bd6 35.Qg4 Qc1+ 36.Kg2 Qc3
37.Re3 Qb2 38.h4 Be5 39.Qc4 Kg8 40.Qc8+ Kh7 41.Qe8 Bd4 42.Rf3 f6 43.Qg6+ Kg8
44.Qg3 Qe2 45.Rd3 Qb2 46.Qf4 Be5 47.Rd8+ Kh7 48.Qg4  1-0

[Event "PAB Romania Open 2012"]
[Site "Arad ROU"]
[Date "2012.08.02"]
[Round "9.12"]
[White "Doncea,V"]
[Black "Strugnell,C"]
[Result "0-1"]
[WhiteElo "2415"]
[BlackElo "2234"]

1.d4 Nf6 2.c4 e6 3.g3 c5 4.d5 exd5 5.cxd5 Bd6 6.Bg2 O-O 7.Nf3 Bc7 8.O-O d6
9.Nfd2 Nbd7 10.h3 Rb8 11.a4 a6 12.Nc3 Re8 13.Nde4 b5 14.axb5 axb5 15.Nxf6+ Nxf6
16.Re1 Ba5 17.e4 Bxc3 18.bxc3 Nd7 19.Bf4 Qf6 20.Qd2 h6 21.h4 b4 22.cxb4 Rxb4
23.Rab1 Rxb1 24.Rxb1 Ba6 25.Qa5 Bd3 26.Rb7 Ne5 27.Qc7 Ng4 28.Bf3 Qa1+  0-1

[Event "Wasselonne Open 2012"]
[Site "Wasselonne FRA"]
[Date "2012.08.02"]
[Round "1.1"]
[White "Sumets,A"]
[Black "Callet,Antoine"]
[Result "1-0"]
[WhiteElo "2616"]
[BlackElo "1730"]

1.d4 Nf6 2.c4 e6 3.g3 c5 4.Nf3 Nc6 5.d5 exd5 6.cxd5 Ne7 7.Nc3 d6 8.Bg2 g6
9.O-O Bg7 10.Nd2 O-O 11.Nc4 Ne8 12.Bf4 Bxc3 13.bxc3 b5 14.Nd2 Bb7 15.e4 Nc8
16.a4 a6 17.axb5 axb5 18.Rxa8 Bxa8 19.Qa1 Nb6 20.Rb1 Nc7 21.Bh6 Re8 22.c4 f6  1-0

[Event "Tabor Open 2012"]
[Site "Tabor CZE"]
[Date "2012.08.05"]
[Round "9.16"]
[White "Barrish,Daniel"]
[Black "Lacina,A"]
[Result "0-1"]
[WhiteElo "1766"]
[BlackElo "2210"]

1.d4 Nf6 2.c4 e6 3.g3 c5 4.d5 exd5 5.cxd5 d6 6.Bg2 g6 7.Nc3 Bg7 8.Nf3 O-O
9.O-O Re8 10.Nd2 Nbd7 11.Nc4 Nb6 12.Nxb6 Qxb6 13.Qc2 Bd7 14.Bf4 Nh5 15.Bd2 Qa6
16.Bf3 b5 17.Bxh5 gxh5 18.e4 b4 19.Nd1 Bb5 20.Re1 Bd3 21.Qb3 Bxe4 22.f3 Bd3
23.Ne3 Qb5 24.a4 Qa6 25.Rac1 Bd4 26.Kg2 Re5 27.Nc2 Bxc2 28.Qxc2 b3 29.Qd1 Rae8
30.Rxe5 Rxe5 31.Bc3 Bxc3 32.Rxc3 Qe2+ 33.Qxe2 Rxe2+ 34.Kh3 Rxb2 35.g4 Kg7
36.gxh5 Kf6 37.f4 Rb1 38.Kg2 a5 39.Kh3 Kf5 40.Kg3 Rg1+ 41.Kf2 b2 42.Kxg1 b1=Q+
43.Kf2  0-1

[Event "38th Badalona Open A"]
[Site "Badalona ESP"]
[Date "2012.08.06"]
[Round "6.5"]
[White "Bykov,Alexe1"]
[Black "Hernandez Carmenates,Hold"]
[Result "1/2-1/2"]
[WhiteElo "2374"]
[BlackElo "2566"]

1.d4 Nf6 2.c4 e6 3.g3 c5 4.d5 exd5 5.cxd5 d6 6.Nc3 g6 7.Bg2 Bg7 8.Nf3 O-O
9.O-O Re8 10.Nd2 a6 11.a4 Nbd7 12.Nc4 Nb6 13.Na3 Ng4 14.a5 Nd7 15.h3 Ngf6
16.Nc4 Ne5 17.Nb6 Rb8 18.f4 Ned7 19.Nc4 Qc7 20.e4 b5 21.axb6 Nxb6 22.Na5 Bd7
23.Re1 Bb5 24.e5 Nfd7 25.Nc6 Ra8 26.Nxb5 axb5 27.Rxa8 Rxa8 28.e6 Nf6 29.f5 Re8
30.g4 gxf5 31.gxf5 fxe6 32.fxe6 Nc8 33.Bg5 Kh8 34.Rf1 Rf8 35.Qe2 Ne7 36.Nxe7 Qxe7
37.Qxb5 Qa7 38.Qc6 Ng8 39.Qxd6 Bd4+ 40.Kh1 Rxf1+ 41.Bxf1 Qg7 42.Qg3 Be5 43.Qh4 Qb7
44.Qe4 Qxb2 45.Bf4 Bd4 46.e7 Qa1 47.Kg2 Qa2+ 48.Be2 Nxe7 49.Qxe7 Qxd5+ 50.Bf3 Qa2+
51.Qe2 Qf7 52.Bg3 Qg6 53.h4 h6 54.Bd5 Bg7 55.Kh2 Qf6 56.Qe4 Qd8 57.Bc4 Qd2+
58.Kh3 Qd7+ 59.Be6 Qe8 60.Qf5 Qe7 61.Bc4 Qf8 62.Qe4 Qc8+ 63.Kh2 Bd4 64.Be5+ Bxe5+
65.Qxe5+ Kh7 66.Qe7+ Kh8 67.Qf6+ Kh7 68.Bd3+ Kg8 69.Qg6+ Kf8 70.Qxh6+ Ke7
71.Qg5+ Kd6 72.Qf4+ Ke7 73.Qe5+ Qe6 74.Qxc5+ Qd6+ 75.Qxd6+ Kxd6  1/2-1/2

[Event "16th Izmailov Mem"]
[Site "Tomsk RUS"]
[Date "2012.08.08"]
[Round "2.4"]
[White "Tregubov,Al"]
[Black "Bocharov,D"]
[Result "0-1"]
[WhiteElo "2298"]
[BlackElo "2597"]

1.d4 Nf6 2.c4 e6 3.g3 c5 4.d5 exd5 5.cxd5 b5 6.Bg2 d6 7.a4 b4 8.Nf3 Be7 9.Nfd2 Ba6
10.Qc2 Nbd7 11.Nc4 Nb6 12.Ne3 O-O 13.a5 Nbd7 14.Nd2 Ne5 15.b3 Nfg4 16.Nd1 Re8
17.Bb2 Bf6 18.Ne4 c4 19.bxc4 Nxc4 20.Bxf6 Nxf6 21.O-O Rc8 22.Ng5 Na3 23.Qa4 Bxe2
24.Re1 Bb5  0-1

[Event "Open ch-MKD 2012"]
[Site "Struga MKD"]
[Date "2012.08.11"]
[Round "8.2"]
[White "Dancevski,O"]
[Black "Petkovski,V"]
[Result "1-0"]
[WhiteElo "2388"]
[BlackElo "2153"]

1.d4 Nf6 2.c4 e6 3.g3 c5 4.d5 exd5 5.cxd5 d6 6.Nc3 a6 7.a4 g6 8.Bg2 Bg7 9.Nf3 O-O
10.O-O Re8 11.Bf4 Qc7 12.Qd2 Nbd7 13.Bh6 Bh8 14.Qf4 Rb8 15.Ng5 Ne5 16.h3 Qe7
17.g4 Bg7 18.Bxg7 Kxg7 19.Nge4 Nxe4 20.Nxe4 b6 21.Qc1 f5 22.gxf5 gxf5 23.Ng3 Qh4
24.Ra3 f4 25.Qxf4 Qxf4 26.Nh5+ Kf7 27.Nxf4 Nc4 28.Ra2 b5 29.a5 Nd2 30.Re1 b4
31.e3 Bf5 32.Rd1 Nc4 33.b3 Na3 34.Rc1 Rb5 35.Bf1 Rxa5 36.Be2 Rb8 37.Rca1 Kf6
38.f3 Ke5 39.Kf2 Rc8 40.h4 Rc7 41.Nh5 Bg6 42.Nf4 Bf7 43.Bc4 Be8 44.Nd3+ Kf6
45.e4 Rb7 46.f4 Bg6 47.e5+ Ke7 48.Nb2 Bc2 49.Kf3 Rb8 50.exd6+ Kxd6 51.Re1 Kd7
52.Raa1 Nxc4 53.bxc4 Ra3+ 54.Kg4 a5 55.Rac1 Rc3 56.d6 a4 57.Re7+ Kxd6 58.Rce1 Rg8+
59.Kh5 Bf5 60.R7e5 Bg4+ 61.Kh6 a3 62.Na4 Rxc4  1-0

[Event "16th Izmailov Mem"]
[Site "Tomsk RUS"]
[Date "2012.08.11"]
[Round "5.8"]
[White "Lavrov,S UKR"]
[Black "Arishin,S"]
[Result "1/2-1/2"]
[WhiteElo "2409"]
[BlackElo "2183"]

1.d4 Nf6 2.c4 e6 3.g3 c5 4.d5 exd5 5.cxd5 d6 6.Nc3 g6 7.Bg2 Bg7 8.Nf3 O-O
9.O-O Na6 10.Bf4 Nc7 11.a4 Re8 12.Re1 Ne4 13.Qb3 b6 14.h3 Ba6 15.Ra2 c4 16.Qa3 Nxc3
17.bxc3 Nxd5 18.Bg5 Qd7 19.Nd4 Bb7 20.Nb5 a6 21.Qxd6 Qf5 22.Bxd5 Bxd5 23.Nc7 Be4
24.Nxe8 Rxe8 25.Qf4 Qxh3 26.f3 Bxc3 27.Rc1 Be5 28.Qh4 Qxh4 29.Bxh4 Bd5 30.Rd2 Be6
31.f4 c3 32.Rd3 Bg7 33.Rdxc3 Bxc3 34.Rxc3 Bd7 35.Rb3 Bxa4 36.Rxb6 Bb5 37.Bf6 Bxe2
38.Kf2 Bb5 39.g4 h6 40.Kf3 Be2+ 41.Kg3 a5 42.g5 h5 43.Rb7 a4 44.Ra7 Bd1 45.Kh4 Bb3
46.Kg3 Rc8  1/2-1/2

[Event "2nd Split Open 2012"]
[Site "Split CRO"]
[Date "2012.08.12"]
[Round "2.22"]
[White "Ognjan,R"]
[Black "Ibanez Aullana,J"]
[Result "0-1"]
[WhiteElo "2076"]
[BlackElo "2288"]

1.d4 Nf6 2.c4 e6 3.g3 c5 4.d5 d6 5.Bg2 exd5 6.cxd5 g6 7.Nc3 Bg7 8.e4 O-O
9.Nf3 b5 10.e5 dxe5 11.Nxb5 Qa5+ 12.Nc3 Ba6 13.Bd2 Nbd7 14.Qc2 Rfe8 15.O-O-O e4
16.Nxe4 Qxa2 17.Nc3 Qa1+ 18.Qb1 Qxb1+ 19.Kxb1 Bd3+ 20.Kc1 c4 21.Rhe1 Rab8
22.Bf4 Nc5 23.Nd4 Ng4 24.Bxb8 Rxb8 25.Ne4 Bxd4 26.Nxc5 Bxc5  0-1

[Event "III Sarkany-Aranytiz GM"]
[Site "Budapest HUN"]
[Date "2012.08.19"]
[Round "2.2"]
[White "Gonzalez,Be CRC"]
[Black "Medvegy,Z"]
[Result "0-1"]
[WhiteElo "2413"]
[BlackElo "2555"]

1.d4 Nf6 2.c4 e6 3.g3 c5 4.Nf3 cxd4 5.Nxd4 Qc7 6.Nc3 a6 7.Qd3 Nc6 8.Nxc6 Qxc6
9.e4 b6 10.Bg2 Bb7 11.Bd2 Rc8 12.b3 Be7 13.O-O d6 14.Rac1 O-O 15.Rfd1 Rfd8
16.Qe2 Qc7 17.f4 Nd7 18.f5 Bf6 19.fxe6 fxe6 20.Bh3 Re8 21.Bf4 Ne5 22.Qe3 Ba8
23.Nd5 exd5 24.cxd5 Qb7 25.Rxc8 Rxc8 26.Bxe5 Bxe5 27.Be6+ Kh8 28.Bxc8 Qxc8
29.Qxb6 h5 30.Rf1 Qg4 31.Rf8+ Kh7 32.Rxa8 Qxe4 33.Qxa6 Bd4+ 34.Kf1 Qf3+ 35.Ke1 Bc3+  0-1

[Event "12th World Uni Men"]
[Site "Guimaraes POR"]
[Date "2012.08.21"]
[Round "3.7"]
[White "Ariunbuuvei,B"]
[Black "Kurmann,O"]
[Result "1-0"]
[WhiteElo "1934"]
[BlackElo "2469"]

1.d4 Nf6 2.c4 e6 3.g3 c5 4.d5 exd5 5.cxd5 d6 6.Bg2 g6 7.Nc3 Bg7 8.Nf3 O-O
9.O-O a6 10.a4 Nbd7 11.e4 Re8 12.Re1 c4 13.Bf1 Nc5 14.Nd2 Qc7 15.Qc2 Nd3
16.Bxd3 cxd3 17.Qxd3 Bd7 18.f3 Rac8 19.Nf1 b5 20.axb5 axb5 21.Be3 b4 22.Na2 Qb7
23.Qb3 Rb8 24.Bd4 g5 25.g4 Nxg4 26.Bxg7 Qb6+ 27.Kh1 Nf2+ 28.Kg2 Bh3+ 29.Kg3 f5
30.Ne3 Kxg7 31.Kxf2 f4 32.Ke2 fxe3 33.Qxe3 g4 34.Rg1 Kh8 35.fxg4 Qxe3+ 36.Kxe3 h5
37.Kd4 Bxg4 38.Raf1 Ra8 39.Nc1 b3 40.Rf4 Ra1 41.h3 Rc8 42.hxg4 Rcxc1 43.Rxc1 Rxc1
44.gxh5 Rc2 45.Rf6 Rxb2 46.Rxd6 Rb1 47.Rb6 b2 48.Ke5 Kg7 49.d6 Kf7 50.Rb7+ Kf8
51.h6  1-0

[Event "16th Izmailov Mem"]
[Site "Tomsk RUS"]
[Date "2012.08.21"]
[Round "7.1"]
[White "Gritsenko,An"]
[Black "Bocharov,D"]
[Result "1/2-1/2"]
[WhiteElo "2409"]
[BlackElo "2597"]

1.d4 Nf6 2.c4 e6 3.g3 c5 4.d5 exd5 5.cxd5 d6 6.Nf3 g6 7.Nc3 Bg7 8.Bg2 O-O
9.O-O Re8 10.Nd2 a6 11.a4 Nbd7 12.h3 Nh5 13.e4 Rb8 14.Nc4 Ne5 15.Na3 b5 16.axb5 axb5
17.Naxb5 Qb6 18.Kh2 Bd7 19.Na3 Qb4 20.Nc2 Qb7 21.Ne3 Bb5 22.Nxb5 Qxb5 23.Ra3 c4
24.Qa4 Qc5 25.Rc3 Rec8 26.Qc2 Qb5 27.f4 Nd7 28.Rxc4 Re8 29.b4 Nb6 30.Rc6 Qxb4
31.Bd2 Qa3 32.Rb1 Bd4 33.Rb3 Qa4 34.Qd3 Bc5 35.e5 Nd7 36.Rxb8 Nxb8 37.Rxc5 dxc5
38.d6 Nd7 39.Nc4 Ng7 40.Qd5 Rb8 41.g4 Qc2 42.Be4 Qd1 43.Bf3 Qf1 44.Bg2 Qf2
45.Be3 Qe2 46.f5 gxf5 47.gxf5 Nxf5 48.e6 Nxe3 49.Qg5+ Kh8 50.exd7 Qxg2+ 51.Qxg2 Nxg2
52.Ne5 Nf4 53.Nxf7+ Kg7 54.d8=Q Rxd8 55.Nxd8 Kf6 56.Kg3 Nd3 57.Kf3 c4 58.Ke4  1/2-1/2

[Event "12th ch-Euro Seniors"]
[Site "Kaunas LTU"]
[Date "2012.08.22"]
[Round "5.5"]
[White "Mochalov,E"]
[Black "Wahlbom,M"]
[Result "1-0"]
[WhiteElo "2394"]
[BlackElo "2289"]

1.d4 Nf6 2.c4 e6 3.g3 c5 4.d5 exd5 5.cxd5 d6 6.Nc3 g6 7.Bg2 Bg7 8.Nf3 O-O
9.O-O a6 10.a4 Nbd7 11.Bf4 Qe7 12.h3 Nh5 13.Bg5 f6 14.Bd2 f5 15.Qc1 Ne5 16.Nxe5 Bxe5
17.e3 Rb8 18.a5 Bd7 19.Re1 Bg7 20.Kh2 b5 21.axb6 Rxb6 22.Qc2 Rfb8 23.Ra2 Nf6
24.Rb1 Be8 25.Bf1 Bf7 26.Bc4 Ra8 27.Ra5 Ne4 28.Nxe4 fxe4 29.b4 cxb4 30.Rxb4 Rxb4
31.Bxb4 Rb8 32.Ba3 Rb6 33.Bxa6 Qa7 34.Qc8+ Bf8 35.Qc4 Bg7 36.Bb4 Be5 37.Kg2 g5
38.Bc3 Bxc3 39.Qxc3 Qe7 40.Be2 Rb8 41.Qd4 Rd8 42.Bg4 Re8 43.Be6 Bxe6 44.dxe6 Rf8
45.Ra7 Qf6 46.Qxf6 Rxf6 47.Ra8+ Rf8 48.Ra4 d5 49.e7 Re8 50.Rd4 Rxe7 51.Rxd5 h6
52.Rd6 Kg7 53.h4 gxh4 54.gxh4 Re5 55.Kg3 Re8 56.h5 Re7 57.Rg6+ Kh7 58.Rg4  1-0

[Event "37th Trade Fair Open A"]
[Site "Brno CZE"]
[Date "2012.08.29"]
[Round "5"]
[White "Gleizerov,E"]
[Black "Chytilek,R"]
[Result "1/2-1/2"]
[WhiteElo "2569"]
[BlackElo "2396"]

1.d4 Nf6 2.c4 e6 3.g3 c5 4.d5 exd5 5.cxd5 d6 6.Nc3 g6 7.Nf3 Bg7 8.Bg2 O-O
9.O-O a6 10.a4 Nbd7 11.Bf4 Qc7 12.Rc1 Re8 13.b4 Nh5 14.Bd2 Qb6 15.Na2 Nhf6
16.Bc3 cxb4 17.Bxb4 Nc5 18.Nd2 a5 19.Nc4 Qc7 20.Ba3 b6 21.Re1 Ba6 22.Bb2 b5
23.axb5 Bxb5 24.Na3 Ba6 25.Bd4 Nfd7 26.Bxg7 Kxg7 27.Nc3 Rab8 28.Ne4 Rb4 29.Nxc5 Nxc5
30.Nc2 Rc4 31.Ne3 Rxc1 32.Qxc1 a4 33.Ng4 Qe7 34.e4 f6 35.Qc3 Bc8 36.Ne3 Ba6
37.f4 Nd3 38.Ra1 Qa7 39.Qd2 Rb8 40.Rxa4 Rb1+ 41.Bf1 Rxf1+  1/2-1/2